000
00287nam a2200109Ia 4500
001
1261749
005
20260417140358.0
008
260417s9999 xx 000 0 und d
020
_a
9789752897588
245
0
_a
Kokotlar Mektebi
_c
Hüseyin Rahmi Gürpınar
260
_b
Everest Yayınları
999
_c
1261749
_d
1261749